[Event "BL 1213 SV Hockenheim - Turm Emsdetten"]
[Site "?"]
[Date "2013.02.03"]
[Round "8.4"]
[White "Ribli, Zoltan"]
[Black "Pruijssers, Roeland"]
[Result "1-0"]
[WhiteElo "2554"]
[BlackElo "2519"]
[PlyCount "71"]
[EventDate "2013.??.??"]

1. Nf3 f5 2. g3 Nf6 3. Bg2 g6 4. O-O Bg7 5. d4 O-O 6. b3 d6 7. Bb2 Ne4 8. Nbd2
Nc6 9. Ne1 Nxd2 10. Qxd2 Qe8 11. Rd1 e5 12. Bd5+ Kh8 13. dxe5 dxe5 14. Nf3 e4
15. Bxc6 bxc6 16. Bxg7+ Kxg7 17. Qc3+ Kg8 18. Ne5 f4 19. Qc4+ Be6 20. Qxe4 Bd5
21. Qd4 Qe6 22. c4 Rad8 23. e4 Rde8 24. exd5 Qxe5 25. dxc6 Qe6 26. Qd5 Rf5 27.
Qxe6+ Rxe6 28. Rd8+ Kg7 29. Rfd1 Rxc6 30. R1d7+ Kh6 31. Rh8 Kg5 32. Rhxh7 f3
33. h4+ Kg4 34. Kh2 Rd6 35. Rxd6 cxd6 36. Rh6 1-0

[Event "BL 1213 SV Hockenheim - Turm Emsdetten"]
[Site "?"]
[Date "2013.02.03"]
[Round "8.5"]
[White "Hector, Jonny"]
[Black "Banusz, Tamas"]
[Result "1/2-1/2"]
[WhiteElo "2539"]
[BlackElo "2580"]
[PlyCount "49"]
[EventDate "2013.??.??"]

1. e4 c5 2. Nf3 e6 3. d4 cxd4 4. Nxd4 Nf6 5. Nc3 Nc6 6. Nxc6 bxc6 7. e5 Nd5 8.
Ne4 Qc7 9. f4 Qb6 10. c4 Bb4+ 11. Ke2 f5 12. Nf2 Ba6 13. Kf3 Ne7 14. Qa4 Bc5
15. Nd3 Bd4 16. c5 Bxc5 17. Nxc5 Bxf1 18. Qd4 Qb5 19. Qxd7+ Kf7 20. Qxe6+ Kf8
21. Nd7+ Ke8 22. Nf6+ Kf8 23. Nd7+ Ke8 24. Nf6+ Kf8 25. Nd7+ 1/2-1/2

[Event "BL 1213 SV Hockenheim - Turm Emsdetten"]
[Site "?"]
[Date "2013.02.03"]
[Round "8.6"]
[White "Paehtz, Elisabeth"]
[Black "Janssen, Ruud"]
[Result "1/2-1/2"]
[WhiteElo "2482"]
[BlackElo "2483"]
[PlyCount "90"]
[EventDate "2013.??.??"]

1. e4 e5 2. Nf3 Nc6 3. d4 exd4 4. Nxd4 Bb4+ 5. c3 Bc5 6. Nxc6 bxc6 7. Bd3 Qh4
8. Qf3 Nf6 9. Bf4 d5 10. exd5 O-O 11. O-O Nxd5 12. Bg3 Qg5 13. c4 Nb4 14. Be2
Nc2 15. Nc3 Nxa1 16. Rxa1 Bb7 17. Ne4 Qe7 18. Nxc5 Qxc5 19. Bxc7 Qe7 20. Bf4
Rfe8 21. Be3 c5 22. Qf4 Rac8 23. Rd1 Rcd8 24. Rxd8 Rxd8 25. b3 a6 26. h4 h6 27.
Qg4 Qd6 28. Qf5 Re8 29. h5 Be4 30. Qxc5 Qxc5 31. Bxc5 Bb1 32. Be3 Bxa2 33. b4
Rb8 34. c5 Rxb4 35. Bxa6 Bd5 36. Bc8 Kf8 37. f3 Ke7 38. Kf2 Be6 39. Ba6 Bc4 40.
Bc8 Be6 41. Ba6 Rh4 42. g4 Rh2+ 43. Kg3 Rc2 44. Bb7 f6 45. Be4 Rc3 1/2-1/2

[Event "BL 1213 SV Hockenheim - Turm Emsdetten"]
[Site "?"]
[Date "2013.02.03"]
[Round "8.7"]
[White "Burg, Twan"]
[Black "Gasthofer, Alexander"]
[Result "1-0"]
[WhiteElo "2502"]
[BlackElo "2441"]
[PlyCount "105"]
[EventDate "2013.??.??"]

1. e4 e6 2. d4 d5 3. Nd2 dxe4 4. Nxe4 Nd7 5. Bd3 c5 6. dxc5 Nxc5 7. Nxc5 Bxc5
8. Qe2 Bd7 9. Nf3 Bc6 10. Ne5 Nf6 11. Nxc6 bxc6 12. O-O O-O 13. Rd1 Qc7 14. Bg5
Be7 15. c3 Rfd8 16. g3 Rd7 17. Bc2 Rad8 18. a3 h6 19. Bf4 Bd6 20. Be3 Nd5 21.
Bd2 Be5 22. Be1 g6 23. Be4 Bg7 24. f4 h5 25. Bf2 h4 26. Rac1 hxg3 27. hxg3 Ne7
28. Rxd7 Rxd7 29. Rd1 Rxd1+ 30. Qxd1 e5 31. fxe5 Bxe5 32. Kg2 a5 33. a4 Nc8 34.
Qb3 Nd6 35. Bxg6 Qe7 36. Bd3 Qg5 37. Qb6 Bxg3 38. Bxg3 Qd2+ 39. Kh3 Qxd3 40.
Qd8+ Kg7 41. Qxd6 Qf5+ 42. Kg2 Qe4+ 43. Kf2 f6 44. Qd4 Qc2+ 45. Kf3 Qf5+ 46.
Ke3 Qb1 47. Qg4+ Kf7 48. Qd7+ Kg8 49. Qe6+ Kg7 50. Qe7+ Kg8 51. Qxf6 Qc1+ 52.
Kd4 Qd1+ 53. Kc5 1-0

[Event "BL 1213 OSG Baden Baden - SC Forchheim"]
[Site "?"]
[Date "2013.02.03"]
[Round "8.2"]
[White "Bacrot, Etienne"]
[Black "Jansa, Vlastimil"]
[Result "1-0"]
[WhiteElo "2705"]
[BlackElo "2451"]
[PlyCount "113"]
[EventDate "2013.??.??"]

1. c4 g6 2. Nc3 c5 3. Nf3 Bg7 4. g3 Nc6 5. Bg2 e5 6. a3 a5 7. O-O d6 8. Ne1 Be6
9. d3 Nge7 10. Nc2 d5 11. cxd5 Nxd5 12. Ne3 Nde7 13. Nc4 O-O 14. Bg5 f6 15. Be3
b6 16. Qa4 Rc8 17. Qb5 Bxc4 18. dxc4 Nd4 19. Bxd4 exd4 20. Na4 Rb8 21. b4 axb4
22. axb4 cxb4 23. Rab1 Re8 24. Rxb4 Nf5 25. Rb2 d3 26. Qd5+ Kh8 27. exd3 Qc7
28. Qc6 Qxc6 29. Bxc6 Red8 30. Be4 Nd4 31. Rxb6 f5 32. Bd5 Rxb6 33. Nxb6 Nb3
34. Rd1 Bd4 35. Na8 Re8 36. Bf3 Re7 37. Kg2 Ra7 38. Rb1 Ra2 39. Rxb3 Rxf2+ 40.
Kh3 Rxf3 41. Nc7 Re3 42. Rb8+ Kg7 43. Rd8 Bb2 44. Kg2 Re2+ 45. Kg1 g5 46. c5
Rc2 47. d4 Kg6 48. Ne6 Kh5 49. h3 f4 50. Rd6 Kg6 51. Nxf4+ Kf5 52. Nd3 Ba3 53.
Nf2 Bc1 54. Kg2 h5 55. g4+ hxg4 56. hxg4+ Kf4 57. Re6 1-0

[Event "BL 1213 OSG Baden Baden - SC Forchheim"]
[Site "?"]
[Date "2013.02.03"]
[Round "8.3"]
[White "Mons, Leon"]
[Black "Naiditsch, Arkadij"]
[Result "1-0"]
[WhiteElo "2339"]
[BlackElo "2704"]
[PlyCount "101"]
[EventDate "2013.??.??"]

1. e4 c5 2. d4 cxd4 3. c3 d3 4. Bxd3 Nc6 5. Nf3 g6 6. O-O Bg7 7. c4 d6 8. h3
Nf6 9. Nc3 Nd7 10. Be3 Bxc3 11. bxc3 Qa5 12. Qd2 Nc5 13. Bc2 Be6 14. Nd4 Ne5
15. Nxe6 Nxe6 16. Qd5 Nc5 17. Rab1 Ned7 18. e5 Nb6 19. Rxb6 axb6 20. exd6 O-O-O
21. Qxf7 exd6 22. Bd1 Kb8 23. Bd4 Rd7 24. Qd5 Rhd8 25. Bg4 Rc7 26. Re1 Nd3 27.
Re3 Qxd5 28. cxd5 Nc5 29. Bf6 Rf8 30. Be7 Rxe7 31. Rxe7 h5 32. Bd1 b5 33. Be2
Rf5 34. Bxb5 Rxd5 35. Be8 Rg5 36. Rg7 Nd3 37. Rxg6 Re5 38. Bf7 Re1+ 39. Kh2
Nxf2 40. Rg8+ Ka7 41. Bxh5 Rh1+ 42. Kg3 Ne4+ 43. Kf4 Nxc3 44. Bf3 Kb6 45. Kg5
d5 46. h4 d4 47. h5 Kc7 48. h6 d3 49. Kg6 Ne2 50. h7 Nf4+ 51. Kf5 1-0

[Event "BL 1213 OSG Baden Baden - SC Forchheim"]
[Site "?"]
[Date "2013.02.03"]
[Round "8.4"]
[White "Movsesian, Sergej"]
[Black "Seyb, Alexander"]
[Result "1/2-1/2"]
[WhiteElo "2699"]
[BlackElo "2310"]
[PlyCount "52"]
[EventDate "2013.??.??"]

1. e4 c5 2. Nf3 d6 3. d4 cxd4 4. Nxd4 Nf6 5. Nc3 a6 6. h3 e6 7. g4 d5 8. exd5
Nxd5 9. Bg2 Bb4 10. Bd2 Bxc3 11. bxc3 Qc7 12. O-O O-O 13. Qf3 Bd7 14. Rfd1 Nc6
15. Ne2 Rac8 16. h4 Ne5 17. Qh3 Qc4 18. Nd4 Nxc3 19. Bxc3 Qxc3 20. Qxc3 Rxc3
21. Bxb7 Bc8 22. Bg2 Nxg4 23. Rd2 g6 24. Nc6 Kg7 25. Rb1 e5 26. Rb6 a5 1/2-1/2

[Event "BL 1213 OSG Baden Baden - SC Forchheim"]
[Site "?"]
[Date "2013.02.03"]
[Round "8.5"]
[White "Zwanzger, Johannes"]
[Black "Nisipeanu, Liviu-Dieter"]
[Result "0-1"]
[WhiteElo "2326"]
[BlackElo "2661"]
[PlyCount "32"]
[EventDate "2013.??.??"]

1. e4 e5 2. Nf3 d6 3. d4 exd4 4. Nxd4 Nf6 5. Nc3 Be7 6. Bc4 O-O 7. Bb3 a5 8.
Qf3 Nc6 9. Nxc6 bxc6 10. O-O Nd7 11. Bf4 Bf6 12. Rfe1 Ne5 13. Qg3 Bh4 14. Qe3
Ng4 15. Qe2 Bxf2+ 16. Kh1 Qh4 0-1

[Event "BL 1213 OSG Baden Baden - SC Forchheim"]
[Site "?"]
[Date "2013.02.03"]
[Round "8.6"]
[White "Gustafsson, Jan"]
[Black "Heidrich, Manfred"]
[Result "1-0"]
[WhiteElo "2622"]
[BlackElo "2296"]
[PlyCount "87"]
[EventDate "2013.??.??"]

1. d4 f5 2. c4 Nf6 3. Nc3 d6 4. Bg5 Nbd7 5. Qc2 g6 6. O-O-O Bg7 7. Nh3 e5 8.
dxe5 dxe5 9. e4 f4 10. Nxf4 exf4 11. e5 O-O 12. Nd5 Nxe5 13. Nxf6+ Qxf6 14.
Bxf6 Bxf6 15. f3 Bf5 16. Qb3 Kh8 17. Bd3 Nxd3+ 18. Rxd3 Bxd3 19. Qxd3 Rad8 20.
Qb3 b6 21. Rd1 Bd4 22. Qa4 c5 23. Kc2 Rf7 24. Qc6 Kg7 25. Rd2 Rdd7 26. Qc8 Rc7
27. Qb8 Rce7 28. Qa8 Rd7 29. Kb3 Rfe7 30. Qb8 Rf7 31. Re2 Be3 32. g3 Rde7 33.
Qd6 Rd7 34. Qe5+ Kg8 35. Ka4 Rde7 36. Qb8+ Kg7 37. Qd6 Rc7 38. Kb5 Kg8 39. Qd8+
Kg7 40. Qd6 Kg8 41. h4 Rcd7 42. Qb8+ Rf8 43. Qe5 Rf5 44. Qe8+ 1-0

[Event "BL 1213 OSG Baden Baden - SC Forchheim"]
[Site "?"]
[Date "2013.02.03"]
[Round "8.7"]
[White "Bade, Joern"]
[Black "Schlosser, Philipp"]
[Result "0-1"]
[WhiteElo "2288"]
[BlackElo "2579"]
[PlyCount "78"]
[EventDate "2013.??.??"]

1. e4 c5 2. c3 d5 3. exd5 Qxd5 4. d4 Nf6 5. Nf3 e6 6. Be3 cxd4 7. cxd4 Nc6 8.
Nc3 Qd6 9. a3 g6 10. Bd3 Bg7 11. O-O O-O 12. Nb5 Qe7 13. Bf4 Rd8 14. Bc7 Rd7
15. Be5 Qd8 16. Qe2 a6 17. Nc3 Nxe5 18. Qxe5 b5 19. Rad1 Bb7 20. Be2 Ne4 21.
Qf4 Nxc3 22. bxc3 Rc8 23. a4 Rxc3 24. axb5 Bxf3 25. Bxf3 axb5 26. d5 exd5 27.
Qb4 d4 28. Qxb5 d3 29. Rb1 Bd4 30. Rb3 d2 31. Rxc3 Bxc3 32. Bd1 Re7 33. Qc4 Qd4
34. Qb5 Re1 35. Qa6 Kg7 36. Qb5 h5 37. Qa6 h4 38. h3 Bb4 39. Qa4 Qd3 0-1

[Event "BL 1213 OSG Baden Baden - SC Forchheim"]
[Site "?"]
[Date "2013.02.03"]
[Round "8.8"]
[White "Dautov, Rustem"]
[Black "Kraeussling, Andreas"]
[Result "1-0"]
[WhiteElo "2595"]
[BlackElo "2268"]
[PlyCount "41"]
[EventDate "2013.??.??"]

1. d4 Nf6 2. c4 d6 3. Nf3 Nbd7 4. Nc3 e5 5. g3 c6 6. e4 Be7 7. Bg2 O-O 8. O-O
a5 9. Re1 Re8 10. h3 g6 11. Be3 a4 12. b4 axb3 13. axb3 Rxa1 14. Qxa1 exd4 15.
Nxd4 Bf8 16. Qb1 Qa5 17. b4 Qa3 18. Rc1 c5 19. bxc5 Nxc5 20. Ndb5 Bd7 21. Nxa3
1-0

[Event "BL 1213 SG Turm Trier - Schachfr. Berli"]
[Site "?"]
[Date "2013.02.03"]
[Round "8.1"]
[White "Melkumyan, Hrant"]
[Black "Erdoes, Viktor"]
[Result "1/2-1/2"]
[WhiteElo "2649"]
[BlackElo "2637"]
[PlyCount "116"]
[EventDate "2013.??.??"]

1. d4 Nf6 2. c4 g6 3. Nc3 d5 4. Nf3 Bg7 5. h4 c6 6. cxd5 cxd5 7. Bf4 Nc6 8. e3
O-O 9. Be2 Bg4 10. O-O e6 11. Rc1 Rc8 12. Qb3 Qe7 13. Nd2 Bxe2 14. Nxe2 Rfd8
15. Rc3 Rd7 16. Nf3 Ne4 17. Rc2 Rcd8 18. Rd1 h6 19. Bh2 Qb4 20. Nc1 Qxb3 21.
Nxb3 Nb4 22. Rcc1 Nxa2 23. Ra1 Nb4 24. Rxa7 Nc6 25. Ra4 Bf8 26. Ne1 Bd6 27. Nd3
Bxh2+ 28. Kxh2 Rc7 29. Nbc5 Nd6 30. Rda1 Rdc8 31. Nf4 Nd8 32. Rb4 Kf8 33. Rb3
Ke7 34. Ne2 Nc4 35. Nc3 b6 36. Nd3 Rb7 37. Ra6 Nc6 38. Nb5 g5 39. Rc3 f6 40.
Kh3 Kd7 41. b3 Nd2 42. Ra2 Ne4 43. Rc1 Nd6 44. Nxd6 Kxd6 45. Ra6 e5 46. dxe5+
fxe5 47. Ra4 e4 48. Nb4 gxh4 49. Kxh4 Rg7 50. Kh3 Rg5 51. g3 Rc7 52. Nxc6 Rxc6
53. Rd1 Rc2 54. Rxe4 Rxf2 55. Rf4 Rh5+ 56. Kg4 Rg5+ 57. Kh3 Rh5+ 58. Kg4 Rg5+
1/2-1/2

[Event "BL 1213 SG Turm Trier - Schachfr. Berli"]
[Site "?"]
[Date "2013.02.03"]
[Round "8.3"]
[White "Antoniewski, Rafal"]
[Black "Lupulescu, Constantin"]
[Result "1/2-1/2"]
[WhiteElo "2552"]
[BlackElo "2613"]
[PlyCount "44"]
[EventDate "2013.??.??"]

1. e4 c6 2. d4 d5 3. Nd2 dxe4 4. Nxe4 Bf5 5. Ng3 Bg6 6. Nh3 e6 7. Nf4 Bd6 8. h4
Qc7 9. Nxg6 hxg6 10. Ne4 Nf6 11. Nxd6+ Qxd6 12. c3 Nbd7 13. Bg5 e5 14. Qe2 O-O
15. O-O-O Rfe8 16. dxe5 Qxe5 17. Qxe5 Nxe5 18. Bxf6 gxf6 19. Be2 Re7 20. f4 Nd7
21. Bf3 Rae8 22. Rd6 Kg7 1/2-1/2

[Event "BL 1213 SG Turm Trier - Schachfr. Berli"]
[Site "?"]
[Date "2013.02.03"]
[Round "8.5"]
[White "Schneider, Ilja"]
[Black "Bobras, Piotr"]
[Result "1/2-1/2"]
[WhiteElo "2489"]
[BlackElo "2560"]
[PlyCount "107"]
[EventDate "2013.??.??"]

1. e4 e5 2. Nf3 Nc6 3. Nc3 Nf6 4. d4 exd4 5. Nxd4 Bb4 6. Nxc6 bxc6 7. Bd3 d5 8.
exd5 cxd5 9. O-O O-O 10. h3 h6 11. Bf4 Bd6 12. Qf3 Bxf4 13. Qxf4 c5 14. Rad1
Be6 15. Nb5 Qb6 16. Nc7 Rad8 17. Nxe6 Qxe6 18. Rfe1 Qb6 19. b3 Rfe8 20. Qa4 a5
21. Qb5 Qc7 22. Bf1 g6 23. Rxe8+ Nxe8 24. Qe2 Nf6 25. Qd2 Kg7 26. Re1 Rd6 27.
Qf4 Qb6 28. Re7 Rd7 29. Rxd7 Nxd7 30. a3 Nf6 31. Qe5 h5 32. Bd3 Qc6 33. Qc3 Qb6
34. g3 Kf8 35. Qe5 Kg7 36. Bf1 Qc6 37. Bg2 Qd7 38. Qc3 Qa7 39. Bxd5 Qd7 40. Bg2
Qf5 41. Qd2 h4 42. g4 Qe5 43. Qe3 Qxe3 44. fxe3 Nd7 45. Kf2 Ne5 46. g5 f6 47.
gxf6+ Kxf6 48. Ke2 Ke7 49. c3 Kd6 50. b4 g5 51. Be4 Nc4 52. bxa5 Kc7 53. Kd3
Ne5+ 54. Kc2 1/2-1/2

[Event "BL 1213 SG Turm Trier - Schachfr. Berli"]
[Site "?"]
[Date "2013.02.03"]
[Round "8.6"]
[White "Cyborowski, Lukasz"]
[Black "Abel, Dennes"]
[Result "1/2-1/2"]
[WhiteElo "2530"]
[BlackElo "2437"]
[PlyCount "43"]
[EventDate "2013.??.??"]

1. Nf3 d5 2. c4 c6 3. e3 Nf6 4. Nc3 a6 5. d4 b5 6. b3 Bg4 7. Be2 Nbd7 8. O-O e6
9. Bb2 Bd6 10. h3 Bf5 11. Bd3 Bxd3 12. Qxd3 O-O 13. Rac1 Qb8 14. cxd5 cxd5 15.
Ne2 Qb7 16. Ne5 Rac8 17. f3 Nb6 18. Qd2 Nfd7 19. Nf4 Nxe5 20. dxe5 Be7 21. Nd3
Nd7 22. Bd4 1/2-1/2

[Event "BL 1213 SG Turm Trier - Schachfr. Berli"]
[Site "?"]
[Date "2013.02.03"]
[Round "8.7"]
[White "Polzin, Rainer"]
[Black "Gordon, Stephen"]
[Result "0-1"]
[WhiteElo "2465"]
[BlackElo "2556"]
[PlyCount "104"]
[EventDate "2013.??.??"]

1. e4 c5 2. Nc3 d6 3. f4 Nc6 4. Bb5 Bd7 5. Bxc6 Bxc6 6. Nf3 g6 7. O-O Bg7 8. d3
Qd7 9. Qe1 f5 10. Rb1 Nf6 11. Bd2 O-O 12. a3 Rae8 13. e5 Bxf3 14. Rxf3 dxe5 15.
fxe5 Ng4 16. e6 Qd6 17. Bf4 Be5 18. Nb5 Qb8 19. Bxe5 Nxe5 20. Rh3 Ng4 21. Qg3
Qd8 22. c3 Qb6 23. Nc7 c4+ 24. d4 Rd8 25. a4 a6 26. Re1 Qd6 27. Qxd6 Rxd6 28.
b3 Rc8 29. bxc4 Rxc7 30. c5 Rdc6 31. a5 Nf6 32. Re5 Kg7 33. Kf1 h5 34. c4 Ng4
35. Re1 Kf6 36. Rb3 f4 37. Reb1 Ne3+ 38. Kf2 Nxc4 39. Rxb7 Rxb7 40. Rxb7 Nxa5
41. Rb8 Nc4 42. Kf3 Rxe6 43. Kxf4 g5+ 44. Kg3 Re3+ 45. Kf2 Rd3 46. Rd8 a5 47.
d5 a4 48. d6 Rd2+ 49. Ke1 a3 50. Rf8+ Ke6 51. Re8 Nxd6 52. cxd6 Rxg2 0-1

[Event "BL 1213 SG Turm Trier - Schachfr. Berli"]
[Site "?"]
[Date "2013.02.03"]
[Round "8.8"]
[White "Jaracz, Pawel"]
[Black "Agopov, Mikael"]
[Result "1/2-1/2"]
[WhiteElo "2541"]
[BlackElo "2427"]
[PlyCount "71"]
[EventDate "2013.??.??"]

1. e4 c5 2. Nf3 d6 3. Bc4 Nf6 4. d3 Nc6 5. c3 e6 6. Bb3 Be7 7. O-O d5 8. e5 Nd7
9. d4 b5 10. Be3 cxd4 11. cxd4 b4 12. Nbd2 Ba6 13. Re1 Bd3 14. Ba4 Qb6 15. Rc1
Rc8 16. Nf1 Bg6 17. Ng3 O-O 18. Ne2 Rc7 19. Nf4 Bf5 20. h3 Rfc8 21. g4 Be4 22.
Nd2 Bg6 23. Nxg6 hxg6 24. Nf3 Qa6 25. b3 Nb6 26. Bxc6 Rxc6 27. Rxc6 Rxc6 28.
Re2 Na8 29. Rc2 Nc7 30. Qc1 Rxc2 31. Qxc2 Nb5 32. Bd2 Qb7 33. h4 Qc7 34. Qxc7
Nxc7 35. Kf1 Nb5 36. Kg1 1/2-1/2

[Event "BL 1213 Hamburger SK - SV Wattenscheid"]
[Site "?"]
[Date "2013.02.03"]
[Round "8.1"]
[White "Vitiugov, Nikita"]
[Black "Kempinski, Robert"]
[Result "1/2-1/2"]
[WhiteElo "2691"]
[BlackElo "2602"]
[PlyCount "112"]
[EventDate "2013.??.??"]

1. d4 g6 2. c4 Bg7 3. e4 d6 4. Nc3 Nc6 5. Be3 Nf6 6. h3 e5 7. d5 Nd4 8. Nge2 c5
9. dxc6 Nxc6 10. g3 Be6 11. b3 O-O 12. Bg2 Qd7 13. Qd2 a6 14. Na4 Rab8 15. Nb6
Qc7 16. O-O Ne8 17. Rac1 Rd8 18. Rfd1 f5 19. exf5 gxf5 20. Bd5 Qf7 21. Bg5 Bf6
22. Bh6 Bg7 23. Qg5 Ne7 24. Nf4 Bxd5 25. Nbxd5 Nc6 26. Nh5 Kh8 27. Nxg7 Nxg7
28. Qh4 f4 29. g4 Qg6 30. Qg5 Qxg5 31. Bxg5 Rde8 32. f3 Ne6 33. Bh4 Ned4 34.
Kg2 e4 35. fxe4 Rxe4 36. Nc3 f3+ 37. Kf1 Re6 38. Bf2 Ne2 39. Rc2 Nf4 40. Rcd2
Nxh3 41. Rxd6 Rxd6 42. Rxd6 Nxf2 43. Kxf2 Ne5 44. Rd4 Kg7 45. Nd5 Rf7 46. Ne3
Kg6 47. Rd5 Kf6 48. Kg3 Rf8 49. Rd6+ Kg5 50. Rd5 Kf6 51. Rd2 Ke6 52. Rh2 Rf7
53. Rh6+ Kd7 54. Rh5 Ke6 55. Rh6+ Kd7 56. Rh5 Ke6 1/2-1/2

[Event "BL 1213 Hamburger SK - SV Wattenscheid"]
[Site "?"]
[Date "2013.02.03"]
[Round "8.2"]
[White "Ernst, Sipke"]
[Black "Bartel, Mateusz"]
[Result "1-0"]
[WhiteElo "2554"]
[BlackElo "2635"]
[PlyCount "53"]
[EventDate "2013.??.??"]

1. Nf3 d5 2. d4 e6 3. g3 b5 4. Bg2 Nf6 5. O-O Nbd7 6. b3 Ba6 7. Nbd2 c5 8. c4
Rc8 9. Bb2 cxd4 10. cxd5 e5 11. Nxe5 Nxe5 12. Bxd4 Ned7 13. e4 Bc5 14. Bb2 b4
15. e5 Bxf1 16. exf6 Bxg2 17. fxg7 Rg8 18. Qh5 Qe7 19. Kxg2 h6 20. Kf1 Bxf2 21.
Nc4 Kd8 22. Kxf2 f6 23. d6 Qxg7 24. Re1 Qg5 25. Qf7 Rc5 26. Kg1 Rd5 27. Bxf6+
1-0

[Event "BL 1213 Hamburger SK - SV Wattenscheid"]
[Site "?"]
[Date "2013.02.03"]
[Round "8.3"]
[White "Bogner, Sebastian"]
[Black "Svane, Rasmus"]
[Result "1-0"]
[WhiteElo "2558"]
[BlackElo "2394"]
[PlyCount "63"]
[EventDate "2013.??.??"]

1. d4 Nf6 2. c4 e6 3. Nf3 d5 4. g3 Bb4+ 5. Bd2 Be7 6. Bg2 O-O 7. O-O c6 8. Qc2
Nbd7 9. Rd1 b6 10. b3 a5 11. Bg5 Ba6 12. Nbd2 c5 13. e4 cxd4 14. Nxd4 Bc5 15.
Nc6 Bxf2+ 16. Kh1 Qc7 17. exd5 Bc5 18. Ne4 Bb7 19. Bf4 Qc8 20. Nd6 Bxd6 21.
Bxd6 Re8 22. Ne7+ Rxe7 23. Bxe7 exd5 24. Rac1 dxc4 25. Qxc4 Bxg2+ 26. Kxg2 Qb7+
27. Qc6 Qa6 28. Kg1 Re8 29. Rxd7 Nxd7 30. Qxd7 Qa8 31. Rd1 h5 32. Qxe8+ 1-0

[Event "BL 1213 Hamburger SK - SV Wattenscheid"]
[Site "?"]
[Date "2013.02.03"]
[Round "8.5"]
[White "Appel, Ralf"]
[Black "Rogozenco, Dorian"]
[Result "1/2-1/2"]
[WhiteElo "2525"]
[BlackElo "2503"]
[PlyCount "50"]
[EventDate "2013.??.??"]

1. Nf3 Nf6 2. d4 d5 3. c4 e6 4. Nc3 dxc4 5. e3 a6 6. a4 c5 7. Bxc4 Nc6 8. O-O
Be7 9. Qe2 cxd4 10. Rd1 e5 11. exd4 exd4 12. Nxd4 Nxd4 13. Qe5 Qd6 14. Qxd4
Qxd4 15. Rxd4 Bc5 16. Rd3 Be6 17. Bxe6 fxe6 18. Bf4 Rd8 19. Rad1 Ke7 20. Kf1
Rxd3 21. Rxd3 Rd8 22. Rxd8 Kxd8 23. Be5 Kd7 24. h3 Kc6 25. Ke2 b5 1/2-1/2

[Event "BL 1213 Hamburger SK - SV Wattenscheid"]
[Site "?"]
[Date "2013.02.03"]
[Round "8.6"]
[White "Heinemann, Thies"]
[Black "Handke, Florian"]
[Result "1/2-1/2"]
[WhiteElo "2479"]
[BlackElo "2556"]
[PlyCount "117"]
[EventDate "2013.??.??"]

1. e4 e5 2. Nf3 Nc6 3. Bb5 Nf6 4. Qe2 Bc5 5. c3 O-O 6. O-O d6 7. d3 h6 8. Be3
Bb6 9. Nbd2 Ne7 10. d4 c6 11. dxe5 dxe5 12. Bc4 Ng6 13. Rfd1 Qe7 14. Bxb6 axb6
15. a4 Bg4 16. Qe3 Qc7 17. h3 Bxf3 18. Nxf3 Rfd8 19. Bb3 c5 20. Rxd8+ Rxd8 21.
Rd1 Rxd1+ 22. Bxd1 Qc6 23. Nd2 Ne8 24. g3 Nd6 25. Qd3 Nf8 26. Bb3 Nh7 27. Nc4
Nxc4 28. Qxc4 Ng5 29. h4 Ne6 30. Qd5 Qc7 31. Bc4 Nf8 32. Bb5 g6 33. f3 Kg7 34.
Kf2 Qe7 35. Bc4 Nh7 36. Qd2 Nf6 37. Kg2 Ne8 38. Qd3 g5 39. hxg5 hxg5 40. Qd5
Nf6 41. Qd2 Kg6 42. b4 cxb4 43. cxb4 g4 44. fxg4 Nxg4 45. Bd5 Qd7 46. a5 bxa5
47. bxa5 Qb5 48. Qa2 Qd3 49. Bxf7+ Kg5 50. Bd5 Ne3+ 51. Kf2 Nc2 52. Bxb7 Qe3+
53. Kg2 Qe2+ 54. Kg1 Qe1+ 55. Kg2 Qd2+ 56. Kh3 Qd7+ 57. Kh2 Qd2+ 58. Kh3 Qd7+
59. Kh2 1/2-1/2

[Event "BL 1213 Hamburger SK - SV Wattenscheid"]
[Site "?"]
[Date "2013.02.03"]
[Round "8.7"]
[White "Holzke, Frank Dr"]
[Black "Van Delft, Merijn"]
[Result "1/2-1/2"]
[WhiteElo "2521"]
[BlackElo "2395"]
[PlyCount "42"]
[EventDate "2013.??.??"]

1. d4 d5 2. c4 c6 3. Nc3 Nf6 4. cxd5 cxd5 5. Bf4 Nc6 6. e3 Bg4 7. Qb3 Na5 8.
Qa4+ Bd7 9. Qc2 Rc8 10. Nf3 e6 11. Bd3 Be7 12. h3 O-O 13. Ne5 Nc6 14. Nxd7 Qxd7
15. Qa4 a6 16. O-O Bd6 17. Bxd6 Qxd6 18. Rac1 Rc7 19. a3 Rfc8 20. Ne2 Nb8 21.
Rxc7 Rxc7 1/2-1/2

[Event "BL 1213 Hamburger SK - SV Wattenscheid"]
[Site "?"]
[Date "2013.02.03"]
[Round "8.8"]
[White "Berger, Steve"]
[Black "Hirneise, Tobias"]
[Result "1/2-1/2"]
[WhiteElo "2400"]
[BlackElo "2448"]
[PlyCount "53"]
[EventDate "2013.??.??"]

1. e4 c5 2. Nc3 Nc6 3. Bb5 Nd4 4. Nf3 Nxb5 5. Nxb5 d6 6. d4 Nf6 7. Nc3 cxd4 8.
Qxd4 e5 9. Qd3 h6 10. O-O Be7 11. Rd1 O-O 12. b3 Be6 13. Nb5 a6 14. Nxd6 Bxd6
15. Qxd6 Nxe4 16. Qxd8 Raxd8 17. Re1 Bf5 18. Nxe5 Rfe8 19. Nc4 Nf6 20. Bb2
Rxe1+ 21. Rxe1 Nd5 22. Rd1 Bxc2 23. Rd2 Bf5 24. f4 Be6 25. Kf2 f6 26. Ne3 Rd7
27. Nxd5 1/2-1/2

[Event "BL 1213 SK Norderstedt - SG Solingen"]
[Site "?"]
[Date "2013.02.03"]
[Round "8.1"]
[White "Ragger, Markus"]
[Black "Kopylov, Mihail"]
[Result "1-0"]
[WhiteElo "2655"]
[BlackElo "2473"]
[PlyCount "101"]
[EventDate "2013.??.??"]

1. d4 d5 2. c4 e6 3. Nf3 c5 4. cxd5 exd5 5. g3 Nc6 6. Bg2 Nf6 7. O-O Be7 8. Nc3
O-O 9. dxc5 Bxc5 10. Na4 Be7 11. Be3 Re8 12. Rc1 Bg4 13. Nd4 Qd7 14. Nxc6 bxc6
15. Re1 Bb4 16. Bd2 Bd6 17. Nc5 Qf5 18. Nb7 Bf8 19. Rxc6 Rab8 20. Nd6 Bxd6 21.
Rxd6 Rxb2 22. f3 Qc2 23. Qxc2 Rxc2 24. Bg5 Be6 25. a3 h6 26. Be3 Bh3 27. Bxh3
Rxe3 28. Kf2 Rcc3 29. a4 Re5 30. Rb1 Rc2 31. Rb8+ Kh7 32. Bf1 Re7 33. g4 Rc5
34. h4 Rcc7 35. g5 hxg5 36. hxg5 Red7 37. Rxd7 Nxd7 38. Rd8 Kg6 39. Bh3 Nc5 40.
Rxd5 Nxa4 41. Bf5+ Kh5 42. g6 Kh6 43. Bd7 Nb6 44. gxf7 Nxd5 45. f8=Q Rxd7 46.
e4 Nf6 47. e5 Nh7 48. Qf4+ g5 49. e6 Rb7 50. Qe5 Kg6 51. Qe4+ 1-0

[Event "BL 1213 SK Norderstedt - SG Solingen"]
[Site "?"]
[Date "2013.02.03"]
[Round "8.2"]
[White "Bekker-Jensen, Simon"]
[Black "Stellwagen, Daniel"]
[Result "0-1"]
[WhiteElo "2402"]
[BlackElo "2622"]
[PlyCount "140"]
[EventDate "2013.??.??"]

1. d4 Nf6 2. c4 g6 3. Nc3 Bg7 4. e4 d6 5. f3 O-O 6. Be3 c5 7. Nge2 Nc6 8. d5
Na5 9. Nc1 e6 10. Be2 exd5 11. cxd5 a6 12. a4 Nd7 13. O-O Ne5 14. Bf2 f5 15. f4
Ng4 16. Bxg4 fxg4 17. N1e2 Bd7 18. e5 dxe5 19. Bxc5 Rf7 20. Ne4 exf4 21. Rxf4
Rxf4 22. Nxf4 b6 23. Bb4 Bxb2 24. Rb1 Be5 25. Bxa5 bxa5 26. Ne6 Bxe6 27. dxe6
Qd4+ 28. Qxd4 Bxd4+ 29. Kf1 Re8 30. Rd1 Be5 31. Nc5 Bxh2 32. Rd7 Bf4 33. Nd3
Bg3 34. Nc5 Bf4 35. Nd3 Rxe6 36. Nxf4 Rf6 37. g3 g5 38. Rd4 gxf4 39. gxf4 Rb6
40. Kg2 Rb4 41. Rd8+ Kf7 42. Kg3 h5 43. Rd5 Rb3+ 44. Kh4 Rh3+ 45. Kg5 g3 46.
Rd7+ Ke6 47. Rd2 Rh2 48. f5+ Ke5 49. Rd1 Rf2 50. Re1+ Kd4 51. Kxh5 g2 52. Rg1
Rxf5+ 53. Kg4 Rf2 54. Kg3 Ra2 55. Rxg2 Rxa4 56. Kf3 Ra3+ 57. Kf4 a4 58. Rg6 Rb3
59. Rxa6 a3 60. Rc6 a2 61. Ra6 Rb2 62. Ra3 Rf2+ 63. Kg3 Rc2 64. Kf4 Kc4 65. Ke4
Kb4 66. Ra8 Kc3 67. Ke3 Kb2 68. Rb8+ Kc1 69. Ra8 Kb1 70. Kd3 Rb2 0-1

[Event "BL 1213 SK Norderstedt - SG Solingen"]
[Site "?"]
[Date "2013.02.03"]
[Round "8.4"]
[White "Jochens, Arne"]
[Black "Smeets, Jan"]
[Result "0-1"]
[WhiteElo "2298"]
[BlackElo "2613"]
[PlyCount "70"]
[EventDate "2013.??.??"]

1. c4 e5 2. g3 Nf6 3. Bg2 c6 4. d4 e4 5. Nc3 Bb4 6. Qb3 Bxc3+ 7. bxc3 O-O 8.
Nh3 d6 9. Bg5 h6 10. Bxf6 Qxf6 11. e3 Qe7 12. Nf4 Nd7 13. c5 d5 14. c4 g5 15.
Nxd5 cxd5 16. cxd5 Nf6 17. O-O g4 18. Rfd1 Rd8 19. d6 Qe6 20. Qc2 Bd7 21. d5
Qe5 22. Rd4 Rac8 23. Rc1 Bf5 24. Qa4 Rxd6 25. Qxa7 Rxd5 26. Qxb7 Rdxc5 27. Rcd1
Kg7 28. a4 Rb8 29. Qa6 Rc2 30. Rc4 Rxc4 31. Qxc4 Be6 32. Qd4 Qxd4 33. Rxd4 Rb1+
34. Bf1 Ra1 35. Kg2 Nh7 0-1